[Event "Alexandria op 22nd"]
[Site "Alexandria"]
[Date "2017.08.04"]
[Round "3"]
[White "Himdan, Maher"]
[Black "Wafa, Shahenda"]
[Result "1-0"]
[WhiteElo "2235"]
[BlackElo "2106"]
[PlyCount "68"]
[EventDate "2017.08.02"]
[EventType "swiss"]
[EventRounds "10"]
[EventCountry "EGY"]
[SourceTitle "CBM 180 Extra"]
[Source "ChessBase"]
[SourceDate "2017.10.06"]
[SourceVersion "1"]
[SourceVersionDate "2017.10.06"]
[SourceQuality "1"]

1. e4 c5 2. Nf3 d6 3. d4 cxd4 4. Nxd4 Nf6 5. Nc3 g6 6. Be2 Bg7 7. Be3 Nc6 8. Nb3 Bd7 9. f4 0-0 10. g4 Qc8 11. g5 Ne8 12. Qd2 f5 13. 0-0-0 fxe4 14. Nxe4 a5 15. Ng3 Be6 16. Kb1 Nb4 17. a3 Qxc2+ 18. Qxc2 Nxc2 19. Kxc2 Rc8+ 20. Kb1 Bxb3 21. Rc1 Nc7 22. Bg4 e6 23. Ne2 a4 24. Nc3 Kf7 25. Bd2 d5 26. Rhe1 Rfe8 27. Nb5 Bc4 28. Nd6+ Ke7 29. Nxe8 Rxe8 30. Ba5 b6 31. Bxb6 Rb8 32. Rxc4 dxc4 33. Bxc7 Rxb2+ 34. Kc1 Rg2 1-0

[Event "Golden Cleopatra op"]
[Site "Cairo"]
[Date "2016.12.17"]
[Round "5"]
[White "Himdan, Maher"]
[Black "Rahman, Yehya"]
[Result "1-0"]
[WhiteElo "2217"]
[BlackElo "2156"]
[PlyCount "25"]
[EventDate "2016.12.13"]
[EventType "swiss"]
[EventRounds "10"]
[EventCountry "EGY"]
[SourceTitle "CBM 176 Extra"]
[Source "ChessBase"]
[SourceDate "2017.03.02"]
[SourceVersion "1"]
[SourceVersionDate "2017.03.02"]
[SourceQuality "1"]

1. e4 e5 2. Nf3 Nf6 3. Nc3 Nc6 4. d4 exd4 5. Nxd4 Bb4 6. Nxc6 bxc6 7. Bd3 d6 8. 0-0 Bxc3 9. bxc3 h6 10. f4 0-0 11. Qf3 Nd7 12. Be3 a5 13. e5 1-0

[Event "Cairo Egyptian op"]
[Site "Cairo"]
[Date "2016.04.24"]
[Round "4"]
[White "Abdel Hameed, Mazen"]
[Black "Himdan, Maher"]
[Result "0-1"]
[WhiteElo "2000"]
[BlackElo "2228"]
[PlyCount "89"]
[EventDate "2016.04.22"]
[EventType "swiss"]
[EventRounds "9"]
[EventCountry "EGY"]
[SourceTitle "CBM 172 Extra"]
[Source "ChessBase"]
[SourceDate "2016.06.21"]
[SourceVersion "1"]
[SourceVersionDate "2016.06.21"]
[SourceQuality "1"]

1. e4 e5 2. Nf3 d6 3. d4 Nd7 4. Nc3 c6 5. a4 Ngf6 6. Bc4 h6 7. a5 Be7 8. h3 Qc7 9. Be3 Nf8 10. Qd2 Ng6 11. 0-0 Nxe4 12. Nxe4 d5 13. Qc3 dxc4 14. dxe5 0-0 15. Rfd1 Be6 16. Nd6 Bd5 17. Nf5 Bxf3 18. gxf3 Rfe8 19. f4 Bf8 20. Qxc4 Qc8 21. Qe4 a6 22. Kh2 Qe6 23. c4 Rad8 24. Bb6 Rd7 25. Nd4 Qxc4 26. Qf5 Rd5 27. Rac1 Qb4 28. Qg4 c5 29. Ne2 Rxd1 30. Rxd1 Qe4 31. Bc7 h5 32. Qxh5 Nxf4 33. Nxf4 Qxf4+ 34. Kg2 Re6 35. Rd3 Rg6+ 36. Kf1 Qc1+ 37. Qd1 Qxb2 38. Rb3 Qa2 39. Qb1 Qa4 40. Qc2 Qd7 41. Bb6 Qd5 42. Re3 Re6 43. f4 Rg6 44. Qh2 Qd1+ 45. Re1 0-1

[Event "Cairo Egyptian op"]
[Site "Cairo"]
[Date "2016.04.22"]
[Round "1"]
[White "Abdel Monem, Gamal"]
[Black "Himdan, Maher"]
[Result "0-1"]
[WhiteElo "1810"]
[BlackElo "2228"]
[PlyCount "45"]
[EventDate "2016.04.22"]
[EventType "swiss"]
[EventRounds "9"]
[EventCountry "EGY"]
[SourceTitle "CBM 172 Extra"]
[Source "ChessBase"]
[SourceDate "2016.06.21"]
[SourceVersion "1"]
[SourceVersionDate "2016.06.21"]
[SourceQuality "1"]

1. d4 d6 2. c4 e5 3. Nc3 Nd7 4. e3 Ngf6 5. Bd3 g6 6. Nge2 Bg7 7. 0-0 0-0 8. f4 exd4 9. exd4 Re8 10. f5 Ng4 11. fxg6 hxg6 12. Rf3 Nf8 13. h3 Nh6 14. Nf4 Nf5 15. Bxf5 Bxf5 16. Ncd5 Be6 17. Ne3 Nh7 18. d5 Bd7 19. Nc2 Qh4 20. Qf1 Re7 21. Bd2 Bxb2 22. Rb1 Be5 23. Be1 0-1

[Event "Cairo Egyptian op"]
[Site "Cairo"]
[Date "2015.11.20"]
[Round "7"]
[White "Hesham, Abdelrahman"]
[Black "Himdan, Maher"]
[Result "1-0"]
[WhiteElo "2401"]
[BlackElo "2244"]
[PlyCount "69"]
[EventDate "2015.11.15"]
[EventType "swiss"]
[EventRounds "11"]
[EventCountry "EGY"]
[SourceTitle "CBM 170 Extra"]
[Source "ChessBase"]
[SourceDate "2016.02.25"]
[SourceVersion "1"]
[SourceVersionDate "2016.02.25"]
[SourceQuality "1"]

1. d4 d6 2. c4 e5 3. Nf3 Nd7 4. Nc3 Ngf6 5. Bg5 Be7 6. Qc2 c6 7. e3 0-0 8. Bd3 h6 9. Bh4 exd4 10. Nxd4 Ne5 11. Be2 Be6 12. Nxe6 fxe6 13. Bg3 Qa5 14. 0-0 Nf7 15. Rfd1 Rad8 16. a3 Rd7 17. b4 Qd8 18. Ne4 d5 19. cxd5 exd5 20. Nd2 Nd6 21. f3 Re8 22. Bd3 Bf8 23. Bf2 Nf7 24. Bf5 Rde7 25. e4 Qc7 26. exd5 Nxd5 27. Ne4 Qe5 28. Bh7+ Kh8 29. Bd4 Qb8 30. Bf5 Ne5 31. Ng3 Rf7 32. Re1 Bd6 33. Bg6 Nxg6 34. Qxg6 Kg8 35. Rxe8+ 1-0

[Event "Cairo Egyptian op"]
[Site "Cairo"]
[Date "2015.11.19"]
[Round "6"]
[White "Sarwat, Walaa"]
[Black "Himdan, Maher"]
[Result "1/2-1/2"]
[WhiteElo "2339"]
[BlackElo "2244"]
[PlyCount "46"]
[EventDate "2015.11.15"]
[EventType "swiss"]
[EventRounds "11"]
[EventCountry "EGY"]
[SourceTitle "CBM 170 Extra"]
[Source "ChessBase"]
[SourceDate "2016.02.25"]
[SourceVersion "1"]
[SourceVersionDate "2016.02.25"]
[SourceQuality "1"]

1. c4 c5 2. Nf3 Nc6 3. Nc3 g6 4. e3 Bg7 5. d4 d6 6. Be2 Nf6 7. dxc5 dxc5 8. Qxd8+ Nxd8 9. Ne5 Nd7 10. Nxd7 Bxd7 11. Nd5 Rc8 12. Bf3 Bc6 13. Rb1 e6 14. Nf4 Bxf3 15. gxf3 Nc6 16. Ke2 0-0 17. Bd2 Rfd8 18. Rhd1 b6 19. b3 Rd7 20. h3 Rcd8 21. Be1 Ne5 22. Rxd7 Rxd7 23. Rc1 Nc6 1/2-1/2

[Event "Cairo Egyptian op"]
[Site "Cairo"]
[Date "2015.11.18"]
[Round "5"]
[White "Himdan, Maher"]
[Black "Elesh, Salama"]
[Result "1-0"]
[WhiteElo "2244"]
[BlackElo "2096"]
[PlyCount "67"]
[EventDate "2015.11.15"]
[EventType "swiss"]
[EventRounds "11"]
[EventCountry "EGY"]
[SourceTitle "EXT 2017"]
[Source "ChessBase"]
[SourceDate "2016.10.25"]
[SourceVersion "1"]
[SourceVersionDate "2016.10.25"]
[SourceQuality "1"]

1. e4 e6 2. d4 d5 3. Nc3 dxe4 4. Nxe4 Nf6 5. Nxf6+ Qxf6 6. Nf3 h6 7. Bd3 Bd6 8. 0-0 Nd7 9. Qe2 Qe7 10. c4 c5 11. dxc5 Nxc5 12. Bc2 b6 13. b4 Nd7 14. Be4 Rb8 15. Nd4 Bxh2+ 16. Kxh2 Qd6+ 17. Kg1 Qxd4 18. Bf4 Rb7 19. Bg3 Nf6 20. Bc6+ Rd7 21. Be5 Qh4 22. Rad1 Ke7 23. Bxd7 Nxd7 24. Rd4 Qg5 25. Bd6+ Ke8 26. Qe4 h5 27. Qc6 Qd8 28. Bc7 Qf6 29. Rfd1 e5 30. Rd6 Qf5 31. Bxb6 Ke7 32. Bc5 Nxc5 33. Qxc5 Be6 34. Rxe6+ 1-0

[Event "Tripoli op"]
[Site "Tripoli"]
[Date "2010.02.28"]
[Round "2"]
[White "Haddouche, Mohamed Amine"]
[Black "Himdan, Maher"]
[Result "1-0"]
[WhiteElo "2395"]
[BlackElo "2247"]
[PlyCount "66"]
[EventDate "2010.02.27"]
[EventType "swiss"]
[EventRounds "9"]
[EventCountry "LBY"]
[SourceTitle "CBM 135 Extra"]
[Source "ChessBase"]
[SourceDate "2010.05.04"]
[SourceVersion "1"]
[SourceVersionDate "2010.05.04"]
[SourceQuality "1"]

1. e4 e5 2. Nf3 Nc6 3. Bc4 Bc5 4. c3 Nf6 5. d3 a6 6. 0-0 d6 7. Bb3 Ba7 8. Be3 0-0 9. Nbd2 Ne7 10. Nh4 Bg4 11. Qe1 Nh5 12. g3 Bh3 13. Ng2 Ng6 14. Bxa7 Rxa7 15. Qe3 Ra8 16. Bd1 Nf6 17. f4 d5 18. fxe5 Nxe5 19. d4 Neg4 20. Bxg4 Nxg4 21. Qd3 c5 22. Rae1 cxd4 23. Qxd4 dxe4 24. Rxe4 Qxd4+ 25. cxd4 Rad8 26. Nf3 Nf6 27. Re3 Be6 28. a3 Bc8 29. Rd1 Ng4 30. Rc3 Rfe8 31. h3 Nf6 32. Nf4 Be6 33. Rcd3 Ne4 1-0

[Event "Dubai op 08th"]
[Site "Dubai"]
[Date "2006.04.28"]
[Round "6"]
[White "Himdan, Maher"]
[Black "Sale, Srdjan"]
[Result "1-0"]
[WhiteElo "2297"]
[BlackElo "2453"]
[PlyCount "61"]
[EventDate "2006.04.23"]
[EventType "swiss"]
[EventRounds "9"]
[EventCountry "UAE"]
[SourceTitle "EXT 2007"]
[Source "ChessBase"]
[SourceDate "2006.11.23"]
[SourceVersion "1"]
[SourceVersionDate "2006.11.23"]
[SourceQuality "1"]

1. e4 c5 2. Nf3 e6 3. d4 cxd4 4. Nxd4 Bc5 5. Nb3 Bb6 6. Nc3 Ne7 7. Bf4 d5 8. exd5 Nxd5 9. Nxd5 exd5 10. Bd3 Qf6 11. Qe2+ Be6 12. Be5 Qh6 13. Bd6 Nc6 14. Bb5 0-0-0 15. Bg3 Rhe8 16. 0-0 Bf5 17. Qd1 Qg6 18. Qd2 h5 19. a4 Be4 20. Bxc6 h4 21. Bxe8 hxg3 22. Qc3+ Kb8 23. Qxg3+ Qxg3 24. hxg3 Rxe8 25. a5 Bc7 26. c3 a6 27. Rfe1 Rc8 28. Nc5 Bh7 29. Re7 Bd6 30. Nd7+ Ka7 31. Nb6 1-0

[Event "Dubai op 08th"]
[Site "Dubai"]
[Date "2006.04.26"]
[Round "4"]
[White "Adly, Ahmed"]
[Black "Himdan, Maher"]
[Result "1-0"]
[WhiteElo "2460"]
[BlackElo "2297"]
[PlyCount "147"]
[EventDate "2006.04.23"]
[EventType "swiss"]
[EventRounds "9"]
[EventCountry "UAE"]
[SourceTitle "EXT 2007"]
[Source "ChessBase"]
[SourceDate "2006.11.23"]
[SourceVersion "1"]
[SourceVersionDate "2006.11.23"]
[SourceQuality "1"]

1. d4 Nf6 2. c4 g6 3. Nf3 Bg7 4. g3 c5 5. Bg2 cxd4 6. Nxd4 Nc6 7. 0-0 0-0 8. Nc3 Nxd4 9. Qxd4 d6 10. Bg5 h6 11. Bxf6 Bxf6 12. Qe3 Bxc3 13. Qxc3 Qb6 14. b4 Be6 15. c5 Qa6 16. Qe3 Kh7 17. cxd6 exd6 18. a4 d5 19. Rfd1 Rfd8 20. Rd4 Rac8 21. Qd2 Rc7 22. e4 Qd6 23. exd5 Qe5 24. Re1 Qg7 25. Rd1 Rcd7 26. Qe3 b6 27. h4 Rd6 28. Kh2 Bc8 29. Rc1 f5 30. Rdc4 Bb7 31. Rc7 R8d7 32. Rxd7 Rxd7 33. h5 Qf7 34. hxg6+ Kxg6 35. b5 Kg7 36. Qe5+ Qf6 37. Re1 Qxe5 38. Rxe5 Kf6 39. Re6+ Kg7 40. d6 Bxg2 41. Kxg2 h5 42. Kh3 Rd8 43. Kh4 Kf7 44. Rh6 Rg8 45. Kxh5 Rg4 46. Rh7+ Ke6 47. d7 Rg8 48. Rg7 Rf8 49. Kg5 f4 50. gxf4 Rf5+ 51. Kg6 Rf6+ 52. Kg5 Rf5+ 53. Kh6 Rf8 54. Kh5 Kf6 55. Rh7 Rd8 56. f3 Rg8 57. Kh4 Rd8 58. Kh5 Rg8 59. f5 Kxf5 60. Rf7+ Ke6 61. Rg7 Rf8 62. Kg5 Rf5+ 63. Kg4 Rd5 64. f4 Kf6 65. Rh7 Kg6 66. d8Q Rxd8 67. Rxa7 Kf6 68. Ra6 Rb8 69. a5 Rg8+ 70. Kf3 Rd8 71. Rxb6+ Kf5 72. a6 Rd3+ 73. Ke2 Ra3 74. Rb7 1-0

[Event "Dubai op 08th"]
[Site "Dubai"]
[Date "2006.04.24"]
[Round "2"]
[White "Sturua, Zurab"]
[Black "Himdan, Maher"]
[Result "1-0"]
[WhiteElo "2524"]
[BlackElo "2297"]
[PlyCount "73"]
[EventDate "2006.04.23"]
[EventType "swiss"]
[EventRounds "9"]
[EventCountry "UAE"]
[SourceTitle "EXT 2007"]
[Source "ChessBase"]
[SourceDate "2006.11.23"]
[SourceVersion "1"]
[SourceVersionDate "2006.11.23"]
[SourceQuality "1"]

1. d4 c5 2. d5 e5 3. e4 d6 4. Nc3 Be7 5. f4 exf4 6. Bxf4 Bg5 7. Bxg5 Qxg5 8. Nf3 Qe7 9. Bb5+ Nd7 10. 0-0 f6 11. e5 fxe5 12. Nxe5 dxe5 13. d6 Qe6 14. Qd5 Qxd5 15. Nxd5 Ngf6 16. Nc7+ Kd8 17. Nxa8 a6 18. Be2 e4 19. a4 Ne5 20. Nb6 Be6 21. Ra3 Ned7 22. Na8 Ne8 23. Rd1 Rf8 24. Re3 Bf5 25. Rb3 Kc8 26. a5 Rf6 27. Nb6+ Nxb6 28. Rxb6 Bd7 29. b4 cxb4 30. Rd4 e3 31. Bf3 Kd8 32. Rxb7 Nxd6 33. Rbxb4 Nb5 34. Rd3 Re6 35. Rxd7+ Kxd7 36. Bg4 Nc3 37. Rb6 1-0

[Event "Abu Dhabi op 15th"]
[Site "Abu Dhabi"]
[Date "2005.08.20"]
[Round "6"]
[White "Himdan, Maher"]
[Black "Al Sayed, Mohammed"]
[Result "0-1"]
[WhiteElo "2337"]
[BlackElo "2478"]
[PlyCount "74"]
[EventDate "2005.08.14"]
[EventType "swiss"]
[EventRounds "9"]
[EventCountry "UAE"]
[SourceTitle "CBM 107 Extra"]
[Source "ChessBase"]
[SourceDate "2005.09.01"]
[SourceVersion "1"]
[SourceVersionDate "2005.09.01"]
[SourceQuality "1"]

1. e4 c5 2. Nf3 d6 3. d4 cxd4 4. Nxd4 Nf6 5. Nc3 a6 6. Be2 g6 7. g4 Bg7 8. Nb3 Nc6 9. f4 b5 10. Bf3 Bb7 11. h4 b4 12. Na4 Na5 13. Qd4 0-0 14. Qxb4 Nxb3 15. axb3 Rb8 16. Qc4 d5 17. exd5 Bxd5 18. Bxd5 Nxd5 19. Bd2 Qd6 20. 0-0-0 Rfc8 21. Qd3 Qc6 22. h5 Nb4 23. Bxb4 Rxb4 24. h6 Bf8 25. Rhf1 Bxh6 26. g5 Bg7 27. f5 Rd4 28. Qe2 Rxd1+ 29. Qxd1 Qg2 30. Kb1 Rxc2 31. f6 Rd2 32. Qc1 Bf8 33. Rf4 exf6 34. gxf6 Qd5 35. Qc4 Rd1+ 36. Ka2 Qh1 37. b4 Ra1+ 0-1

[Event "Abu Dhabi op 15th"]
[Site "Abu Dhabi"]
[Date "2005.08.19"]
[Round "5"]
[White "Rausis, Igors"]
[Black "Himdan, Maher"]
[Result "1-0"]
[WhiteElo "2498"]
[BlackElo "2337"]
[PlyCount "77"]
[EventDate "2005.08.14"]
[EventType "swiss"]
[EventRounds "9"]
[EventCountry "UAE"]
[SourceTitle "CBM 107 Extra"]
[Source "ChessBase"]
[SourceDate "2005.09.01"]
[SourceVersion "1"]
[SourceVersionDate "2005.09.01"]
[SourceQuality "1"]

1. e4 d6 2. d4 Nf6 3. Bd3 e5 4. c3 Nc6 5. Nf3 Bg4 6. d5 Ne7 7. h3 Bd7 8. c4 Ng6 9. Nc3 Be7 10. g3 0-0 11. Kf1 h6 12. Kg2 Nh7 13. Qc2 Bg5 14. Nxg5 hxg5 15. Qe2 f6 16. Be3 Kf7 17. c5 Rh8 18. Rac1 a6 19. c6 bxc6 20. dxc6 Bc8 21. Bc4+ Ke8 22. b4 Nhf8 23. a4 Ne6 24. Qa2 Kf7 25. Qb3 Qe8 26. b5 axb5 27. axb5 Kf8 28. b6 cxb6 29. Qxb6 Ngf4+ 30. gxf4 gxf4 31. Bd2 Nd4 32. c7 f3+ 33. Kf1 Qd7 34. Ke1 g5 35. Be3 Kg7 36. Qxd4 Rxh3 37. Rxh3 Qxh3 38. Qd5 Qh8 39. Qf7+ 1-0

[Event "Abu Dhabi op 13th"]
[Site "Abu Dhabi"]
[Date "2003.08.25"]
[Round "9"]
[White "Himdan, Maher"]
[Black "Pourkashiyan, Atousa"]
[Result "1-0"]
[WhiteElo "2341"]
[BlackElo "2235"]
[PlyCount "133"]
[EventDate "2003.08.16"]
[EventType "swiss"]
[EventRounds "9"]
[EventCountry "UAE"]
[SourceTitle "CBM 097"]
[Source "ChessBase"]
[SourceDate "2003.11.11"]
[SourceVersion "1"]
[SourceVersionDate "2003.11.11"]
[SourceQuality "1"]

1. e4 e5 2. Nf3 Nf6 3. Nc3 Bb4 4. Nxe5 0-0 5. Be2 Re8 6. Nd3 Bxc3 7. dxc3 Nxe4 8. c4 d5 9. cxd5 Qxd5 10. 0-0 Nc6 11. c3 Bf5 12. Nf4 Qe5 13. Qd5 Rad8 14. Qxe5 Nxe5 15. Be3 Nd2 16. Rfd1 Ndc4 17. Bd4 g5 18. Bxc4 Nxc4 19. Nh5 Kf8 20. Ng7 Bc2 21. Nxe8 Bxd1 22. Nxc7 Ba4 23. b3 Rd7 24. bxa4 Rxc7 25. Rb1 b6 26. Rb5 h6 27. h4 Nd6 28. Re5 f6 29. Re6 Ne8 30. a5 bxa5 31. Ra6 Kf7 32. Rxa5 Nd6 33. Ra6 Ne4 34. f3 Nxc3 35. Rxf6+ Ke7 36. Bxc3 Rxc3 37. Ra6 gxh4 38. Rxa7+ Kf6 39. Kh2 Rc1 40. Ra4 Kg5 41. Rg4+ Kh5 42. Rb4 Ra1 43. a4 Kg5 44. Rb5+ Kf6 45. a5 h5 46. Rb6+ Kg5 47. Ra6 Kf4 48. Ra8 h3 49. a6 hxg2 50. Kxg2 Ra2+ 51. Kh3 Ke3 52. a7 Kf2 53. Kh4 Ra5 54. f4 Ra1 55. Kxh5 Rh1+ 56. Kg5 Rg1+ 57. Kh6 Rh1+ 58. Kg7 Rg1+ 59. Kf7 Ra1 60. f5 Kf3 61. f6 Kf4 62. Ke7 Re1+ 63. Kf8 Ra1 64. f7 Kf5 65. Ke7 Re1+ 66. Kd6 Rd1+ 67. Kc5 1-0

[Event "Abu Dhabi op 13th"]
[Site "Abu Dhabi"]
[Date "2003.08.22"]
[Round "6"]
[White "Illijin, Neboisa"]
[Black "Himdan, Maher"]
[Result "0-1"]
[WhiteElo "2293"]
[BlackElo "2341"]
[PlyCount "40"]
[EventDate "2003.08.16"]
[EventType "swiss"]
[EventRounds "9"]
[EventCountry "UAE"]
[SourceTitle "CBM 097"]
[Source "ChessBase"]
[SourceDate "2003.11.11"]
[SourceVersion "1"]
[SourceVersionDate "2003.11.11"]
[SourceQuality "1"]

1. e4 d6 2. d4 Nf6 3. Nc3 g6 4. Be3 c6 5. f3 b5 6. a3 Bg7 7. Qd2 Nbd7 8. Bh6 Bxh6 9. Qxh6 Qb6 10. Qd2 0-0 11. h4 e5 12. Nge2 a5 13. Nd1 d5 14. dxe5 Nxe5 15. Qf4 Ned7 16. e5 Nh5 17. Qg5 Re8 18. f4 Kg7 19. Ng3 Ndf6 20. Be2 h6 0-1

[Event "Abu Dhabi op 13th"]
[Site "Abu Dhabi"]
[Date "2003.08.18"]
[Round "3"]
[White "Bagheri, Amir"]
[Black "Himdan, Maher"]
[Result "1-0"]
[WhiteElo "2500"]
[BlackElo "2341"]
[PlyCount "64"]
[EventDate "2003.08.16"]
[EventType "swiss"]
[EventRounds "9"]
[EventCountry "UAE"]
[SourceTitle "CBM 097"]
[Source "ChessBase"]
[SourceDate "2003.11.11"]
[SourceVersion "1"]
[SourceVersionDate "2003.11.11"]
[SourceQuality "1"]

1. d4 d6 2. Nf3 g6 3. c4 Bg7 4. Nc3 Bg4 5. e3 Nc6 6. h3 Bxf3 7. Qxf3 e5 8. d5 Nce7 9. Bd3 f5 10. e4 f4 11. g3 fxg3 12. fxg3 Nf6 13. 0-0 0-0 14. Qg2 h6 15. Be3 c5 16. a3 b6 17. b4 Kh7 18. Rab1 a6 19. Rb2 Qc7 20. Rfb1 Rab8 21. Kh2 Neg8 22. Qc2 Nd7 23. Be2 Ngf6 24. Qa4 cxb4 25. axb4 Ra8 26. Qa3 Rfc8 27. Rc1 b5 28. cxb5 axb5 29. Qb3 Qb8 30. Bd3 Nb6 31. Nxb5 Rxc1 32. Bxc1 Nxe4 1-0

[Event "Abu Dhabi op 13th"]
[Site "Abu Dhabi"]
[Date "2003.08.16"]
[Round "1"]
[White "Ionov, Sergey"]
[Black "Himdan, Maher"]
[Result "1-0"]
[WhiteElo "2556"]
[BlackElo "2341"]
[PlyCount "57"]
[EventDate "2003.08.16"]
[EventType "swiss"]
[EventRounds "9"]
[EventCountry "UAE"]
[SourceTitle "CBM 097"]
[Source "ChessBase"]
[SourceDate "2003.11.11"]
[SourceVersion "1"]
[SourceVersionDate "2003.11.11"]
[SourceQuality "1"]

1. d4 d6 2. e4 Nf6 3. Bd3 e5 4. c3 Nc6 5. Nf3 g6 6. 0-0 Bg7 7. Nbd2 0-0 8. Re1 Nh5 9. Nb3 Bg4 10. Be2 h6 11. Be3 Nf4 12. Bxf4 exf4 13. Nbd2 Bd7 14. a4 Qe7 15. h3 Nd8 16. Bc4 c6 17. Qc2 Kh7 18. Rad1 Ne6 19. d5 Ng5 20. Bf1 Rad8 21. Qd3 Bc8 22. Nc4 Rfe8 23. Nfd2 cxd5 24. exd5 Qxe1 25. Rxe1 Rxe1 26. Nf3 Nxf3+ 27. Qxf3 Bf5 28. Qxf4 Bd3 29. Ne3 1-0

[Event "Dubai op 5th"]
[Site "Dubai"]
[Date "2003.04.25"]
[Round "5"]
[White "Himdan, Maher"]
[Black "Safarli, Eltaj"]
[Result "1-0"]
[WhiteElo "2322"]
[BlackElo "2201"]
[PlyCount "83"]
[EventDate "2003.04.20"]
[EventType "swiss"]
[EventRounds "9"]
[EventCountry "UAE"]
[SourceTitle "CBM 093 Extra"]
[Source "ChessBase"]
[SourceDate "2003.05.09"]
[SourceVersion "1"]
[SourceVersionDate "2003.05.09"]
[SourceQuality "1"]

1. e4 c5 2. Nf3 e6 3. d4 cxd4 4. Nxd4 Nf6 5. Nc3 d6 6. Be2 a6 7. f4 Qc7 8. 0-0 Be7 9. Kh1 0-0 10. Bf3 Nc6 11. Nce2 e5 12. Nb3 exf4 13. Nxf4 Ne5 14. Nd4 Re8 15. a4 Bf8 16. b3 Qc3 17. Ra2 Nxf3 18. gxf3 Bd7 19. a5 Rac8 20. Nfe2 Qc5 21. c4 Bc6 22. Nc3 g6 23. Be3 Qh5 24. Rg1 Kh8 25. Qe1 Bg7 26. Rg5 Qh3 27. Rg3 Qh4 28. Nxc6 bxc6 29. Bg5 Qh5 30. Ne2 Nxe4 31. fxe4 Rxe4 32. Qf1 Rg4 33. Bf6 Re8 34. Qf3 Ree4 35. Rxg4 Rxg4 36. Ng3 Qh3 37. Rf2 h5 38. Bxg7+ Kxg7 39. Qxf7+ Kh6 40. Qf8+ Kg5 41. Qf6+ Kh6 42. Nf5+ 1-0

[Event "Dubai op 5th"]
[Site "Dubai"]
[Date "2003.04.23"]
[Round "3"]
[White "Himdan, Maher"]
[Black "Sadatnajafi, Mohamed"]
[Result "1-0"]
[WhiteElo "2322"]
[BlackElo "2237"]
[PlyCount "61"]
[EventDate "2003.04.20"]
[EventType "swiss"]
[EventRounds "9"]
[EventCountry "UAE"]
[SourceTitle "CBM 093 Extra"]
[Source "ChessBase"]
[SourceDate "2003.05.09"]
[SourceVersion "1"]
[SourceVersionDate "2003.05.09"]
[SourceQuality "1"]

1. c4 Nf6 2. Nc3 c5 3. g3 d6 4. Bg2 e6 5. Nf3 Nc6 6. a3 Be7 7. 0-0 0-0 8. Rb1 d5 9. cxd5 exd5 10. d4 Bf5 11. Ra1 h6 12. dxc5 Bxc5 13. b4 Bb6 14. Bb2 Re8 15. Na4 Bc7 16. Rc1 Rc8 17. Nd4 Nxd4 18. Bxd4 Ne4 19. Bxa7 b6 20. Qd4 Re6 21. Nxb6 Bxb6 22. Bxb6 Rxb6 23. Rxc8 Bxc8 24. Bxe4 Rd6 25. Bf3 Be6 26. Rc1 Qa8 27. Qd3 Ra6 28. b5 Ra4 29. b6 Qb8 30. Qb5 Ra8 31. b7 1-0

[Event "Abu Dhabi op 12th"]
[Site "Abu Dhabi"]
[Date "2002.08.13"]
[Round "2"]
[White "Himdan, Maher"]
[Black "Al Tamimi, Hamad"]
[Result "0-1"]
[WhiteElo "2363"]
[BlackElo "2105"]
[PlyCount "71"]
[EventDate "2002.08.12"]
[EventType "swiss"]
[EventRounds "9"]
[EventCountry "UAE"]
[SourceTitle "CBM 089 Extra"]
[Source "ChessBase"]
[SourceDate "2002.09.10"]
[SourceVersion "2"]
[SourceVersionDate "2002.09.10"]
[SourceQuality "1"]

1. e4 c6 2. d4 d5 3. Nc3 dxe4 4. Nxe4 Bf5 5. Ng3 Bg6 6. h4 h6 7. Nf3 Nd7 8. h5 Bh7 9. Bd3 Bxd3 10. Qxd3 e6 11. Bf4 Ngf6 12. 0-0-0 Be7 13. Kb1 0-0 14. c4 b5 15. c5 Nd5 16. Bd2 Qc7 17. Rhe1 Rfd8 18. Qc2 a5 19. Ne4 N7f6 20. Nxf6+ Nxf6 21. Qc1 Rd5 22. Bf4 Qb7 23. Be5 Rad8 24. Rh1 a4 25. Rdg1 Ng4 26. Bg3 b4 27. Qc4 Bf6 28. Rd1 e5 29. Rhe1 exd4 30. Nd2 Be5 31. Bh4 Bf6 32. Bg3 a3 33. b3 Qd7 34. Ne4 Qf5 35. Qxb4 Ne3 36. f3 0-1

[Event "Golden Cleopatra op 5th"]
[Site "Cairo"]
[Date "2001.05.07"]
[Round "6"]
[White "Himdan, Maher"]
[Black "Al Hadarani, Hatim"]
[Result "1/2-1/2"]
[WhiteElo "2348"]
[BlackElo "2393"]
[PlyCount "119"]
[EventDate "2001.05.02"]
[EventType "swiss"]
[EventRounds "10"]
[EventCountry "EGY"]
[SourceTitle "CBM 082 Extra"]
[Source "ChessBase"]
[SourceDate "2001.07.03"]
[SourceVersion "1"]
[SourceVersionDate "2001.07.03"]
[SourceQuality "1"]

1. c4 Nf6 2. Nc3 g6 3. g3 Bg7 4. Bg2 0-0 5. Nf3 d5 6. cxd5 Nxd5 7. 0-0 Nb6 8. d4 Nc6 9. d5 Nb4 10. e4 Bg4 11. h3 Bxf3 12. Bxf3 Qd7 13. a3 Na6 14. Qe2 h5 15. h4 e6 16. Be3 Rfe8 17. Rfd1 Qe7 18. Rac1 exd5 19. exd5 Nc8 20. b4 Nd6 21. Qd3 Qf6 22. Bg5 Qf5 23. Qxf5 Nxf5 24. Nb5 Rab8 25. Bf4 Bf8 26. Nxc7 Nxc7 27. Bxc7 Rbc8 28. Bf4 Bd6 29. Bxd6 Nxd6 30. Rc5 Rcd8 31. Rc7 Re5 32. Kf1 Kg7 33. a4 a6 34. Rd3 Kf6 35. Bg2 Rde8 36. Rd1 R8e7 37. Rc2 Kf5 38. Bf3 Kf6 39. Rc5 Kf5 40. Rc3 Kf6 41. Rc5 Rf5 42. Kg2 Rfe5 43. Rcc1 Kf5 44. Rd4 Kf6 45. Kf1 Kg7 46. Rd2 Kf6 47. Rdc2 Kf5 48. Rc7 Re1+ 49. Kg2 Rxc7 50. Rxc7 Rb1 51. Rd7 Ke5 52. Re7+ Kf6 53. Rd7 Rxb4 54. Bxh5 Ke5 55. Bf3 Rxa4 56. g4 a5 57. Re7+ Kf6 58. Rd7 Ke5 59. Re7+ Kf6 60. Rd7 1/2-1/2

[Event "Golden Cleopatra op 5th"]
[Site "Cairo"]
[Date "2001.05.06"]
[Round "5"]
[White "Amin, Bassem"]
[Black "Himdan, Maher"]
[Result "1/2-1/2"]
[WhiteElo "2133"]
[BlackElo "2348"]
[PlyCount "108"]
[EventDate "2001.05.02"]
[EventType "swiss"]
[EventRounds "10"]
[EventCountry "EGY"]
[SourceTitle "CBM 082 Extra"]
[Source "ChessBase"]
[SourceDate "2001.07.03"]
[SourceVersion "1"]
[SourceVersionDate "2001.07.03"]
[SourceQuality "1"]

1. e4 c5 2. Nf3 d6 3. d3 Nc6 4. g3 g6 5. Bg2 Bg7 6. 0-0 Nf6 7. Re1 Nd7 8. c3 0-0 9. d4 cxd4 10. cxd4 Qb6 11. d5 Nce5 12. Nc3 Nxf3+ 13. Bxf3 Ne5 14. Be2 Bh3 15. Na4 Qb4 16. Nc3 Rac8 17. a3 Qb6 18. Na4 Qd8 19. Be3 Qd7 20. Bd4 h5 21. f4 Ng4 22. Bxg7 Kxg7 23. Bxg4 Bxg4 24. Qd4+ Kg8 25. Nc3 b5 26. a4 Rc4 27. Qd3 Rb4 28. Nxb5 Rc8 29. Nd4 Rxb2 30. Nc6 Rc7 31. Rab1 Rcb7 32. Rxb2 Rxb2 33. e5 Qb7 34. exd6 exd6 35. Qe4 Qb6+ 36. Qd4 Qxd4+ 37. Nxd4 Rb4 38. Nb5 Rxa4 39. Nxd6 Rd4 40. Re8+ Kg7 41. Re7 Rxd5 42. Nxf7 a5 43. Ng5+ Kf8 44. Ra7 Ke8 45. Ne4 Kf8 46. Ng5 Bd7 47. Kf2 Ke7 48. Ke3 a4 49. Ne4 Rb5 50. Kd4 Rb4+ 51. Kd5 Kd8 52. Nc5 Bb5 53. Nb7+ Ke7 54. Nd6+ Bd7 1/2-1/2